00973nam a2200217 a 450000100100000000500170001000800410002704000250006808200240009311001160011724500390023326000700027230000320034259000260037465000460040065000530044665100750049991000420057495201220061699900170073800002169920200930011421.0100910s1969 dr a r 000 0 spa d aDO-SdBNPbspacBNPHU a352.48bR426e, 19691 aRepública Dominicana.bSecretariado Técnico de la Presidencia.bOficina Nacional de Planificación.91106210aEjecución del presupuesto 1969 . aSanto Domingo :bSecretariado Técnico de la Presidencia,c1969. av. :bil. ;c22 cm.c22 cm. aInventariado, 2018/BT 4aPresupuestozRepública Dominicana97940 4aHacienda públicazRepública Dominicana96562 4aRepública DominicanaxGastos Presupuestarios Públicosy1969945131 aValidado. Control de calidad. MMOLINA 0010718PDaPDbPDcHDd2010-09-10iLF1l0o352.48 R426e, 1969p21699-10r2020-06-25w2020-06-25yLFPDZNo se presta c21198d21198